000 00488nam a2200169 4500
003 SEACOMMC
005 20250512110209.0
008 250403b |||||||| |||| 00| 0 eng d
020 _a978-81-8281-163-8
_cRs.300.00
040 _aSEACOMMC
082 _a658.8342
_bD 234
100 _aDatta, Debraj
245 1 _aConsumer Behavior [and] Advertising Management /
_c Debraj Datta [and] Mahua Dutta
260 _a Delhi
_b Vrinda Publications
_c 2009
650 _aManagement
942 _cBOOK
999 _c1172
_d1172